[Event "Mittelrhein Verbandsliga-N 18/19"]
[Site "Nordrheinwestfalen"]
[Date "2019.01.20"]
[Round "6.5"]
[White "Debald, Heinrich"]
[Black "Kocur, Beata"]
[Result "1/2-1/2"]
[WhiteElo "1998"]
[BlackElo "1784"]
[PlyCount "92"]
[EventDate "2018.09.02"]
[EventType "team-tourn"]
[EventRounds "12"]
[EventCountry "GER"]
[SourceTitle "EXT 2022"]
[Source "ChessBase"]
[SourceDate "2021.10.06"]
[SourceVersion "1"]
[SourceVersionDate "2021.10.06"]
[SourceQuality "1"]
[WhiteTeam "Leverkusen SC Bayer"]
[BlackTeam "Hitdorf SV Springer"]
[WhiteTeamCountry "GER"]
[BlackTeamCountry "GER"]

1. d4 Nf6 2. Nf3 g6 3. e3 Bg7 4. c4 0-0 5. Nc3 d6 6. Be2 Nbd7 7. 0-0 e5 8. Qc2 Re8 9. b3 Nf8 10. Bb2 exd4 11. Nxd4 Ne6 12. Nxe6 Bxe6 13. Bf3 Rb8 14. Rad1 Qc8 15. h3 a6 16. Rfe1 Nd7 17. Nd5 Ne5 18. Be2 Bxd5 19. cxd5 Qd8 20. Rc1 Rc8 21. Bd4 Nd7 22. Qb2 Bxd4 23. Qxd4 Qg5 24. Rc2 Nf6 25. Bf3 Nd7 26. Rec1 Qd8 27. b4 Nb6 28. Rc3 Na4 29. R3c2 Nb6 30. Bg4 f5 31. Bf3 Qe7 32. g3 Na8 33. a4 Qd7 34. a5 Qg7 35. Qd3 Re5 36. Rb1 Rce8 37. b5 g5 38. bxa6 bxa6 39. Rb4 Qf7 40. Qxa6 h5 41. Bg2 Rf8 42. Qc6 Qe7 43. Rcc4 Qg7 44. Kh2 Re7 45. Rd4 Qe5 46. Qc4 h4 1/2-1/2

[Event "Mittelrhein Verbandsliga-N 18/19"]
[Site "Nordrheinwestfalen"]
[Date "2018.12.16"]
[Round "5.4"]
[White "Kocur, Beata"]
[Black "Gallasch, Robin"]
[Result "0-1"]
[WhiteElo "1784"]
[BlackElo "1880"]
[PlyCount "128"]
[EventDate "2018.09.02"]
[EventType "team-tourn"]
[EventRounds "12"]
[EventCountry "GER"]
[SourceTitle "EXT 2022"]
[Source "ChessBase"]
[SourceDate "2021.10.06"]
[SourceVersion "1"]
[SourceVersionDate "2021.10.06"]
[SourceQuality "1"]
[WhiteTeam "Hitdorf SV Springer"]
[BlackTeam "Porz SG III"]
[WhiteTeamCountry "GER"]
[BlackTeamCountry "GER"]

1. e4 c6 2. d4 d5 3. Nc3 dxe4 4. Nxe4 Bf5 5. Ng3 Bg6 6. Nf3 e6 7. Bd3 Nf6 8. 0-0 Be7 9. c3 0-0 10. Ne5 c5 11. dxc5 Bxd3 12. Nxd3 Nbd7 13. Qf3 Qc8 14. Be3 Nxc5 15. Nxc5 Bxc5 16. Bxc5 Qxc5 17. Ne4 Nxe4 18. Qxe4 b5 19. a4 Rab8 20. axb5 Rxb5 21. Qd4 Qxd4 22. cxd4 Ra8 23. Rfb1 Rb4 24. Ra6 Kf8 25. g3 Rxd4 26. Rc1 Rd7 27. Rc4 Rb8 28. b4 Ke7 29. Kg2 Rb5 30. g4 Rdb7 31. h3 Kf6 32. f3 h5 33. Kg3 g5 34. h4 gxh4+ 35. Kxh4 hxg4 36. fxg4 Kg6 37. Kg3 Kg5 38. Ra4 f5 39. gxf5 exf5 40. Kf3 Rd5 41. Ra6 Rd3+ 42. Ke2 Rb3 43. Ra5 Rh7 44. Kd2 Rd7+ 45. Kc2 Rf3 46. Ra1 f4 47. Rc8 Rf2+ 48. Kc3 Kg4 49. b5 Rh2 50. Rg8+ Kf3 51. Rf8 Rc7+ 52. Kd3 Rcc2 53. Rf1+ Rhf2 54. Rxf2+ Rxf2 55. Rf7 Ra2 56. Rf8 Rb2 57. Kc4 Rc2+ 58. Kd4 Rc7 59. Rg8 Kf2 60. Kd3 f3 61. Rg6 Kf1 62. Kd2 f2 63. Rf6 Rd7+ 64. Ke3 Ke1 0-1

[Event "Mittelrhein Verbandsliga-N 17/18"]
[Site "Nordrheinwestfalen"]
[Date "2018.02.25"]
[Round "8.5"]
[White "Gerdell, Frank"]
[Black "Kocur, Beata"]
[Result "1/2-1/2"]
[WhiteElo "2025"]
[BlackElo "1759"]
[PlyCount "62"]
[EventDate "2017.09.10"]
[EventType "team-swiss"]
[EventRounds "11"]
[EventCountry "GER"]
[SourceTitle "EXT 2022"]
[Source "ChessBase"]
[SourceDate "2021.10.06"]
[SourceVersion "1"]
[SourceVersionDate "2021.10.06"]
[SourceQuality "1"]
[WhiteTeam "Gruenfeld"]
[BlackTeam "Hitdorf SV Springer"]
[WhiteTeamCountry "GER"]
[BlackTeamCountry "GER"]

1. c4 Nf6 2. Nc3 e6 3. e4 Nc6 4. Nf3 d6 5. d4 Be7 6. Be2 0-0 7. 0-0 Ne8 8. d5 Ne5 9. Nxe5 dxe5 10. Qb3 exd5 11. Nxd5 Bc5 12. Be3 Bxe3 13. Qxe3 c6 14. Nc3 Nc7 15. c5 Qe7 16. Bc4 Be6 17. Bxe6 Nxe6 18. b4 Rad8 19. Rfd1 Rxd1+ 20. Rxd1 Rd8 21. Qe1 Kf8 22. Ne2 Ke8 23. Rd2 Rxd2 24. Qxd2 Qd7 25. Qxd7+ Kxd7 26. Kf1 a5 27. a3 axb4 28. axb4 Kc7 29. Ke1 b6 30. cxb6+ Kxb6 31. Kd2 Kb5 1/2-1/2

[Event "Mittelrhein Verbandsliga-M 16/17"]
[Site "Nordrheinwestfalen"]
[Date "2016.09.11"]
[Round "1.5"]
[White "Kocur, Beata"]
[Black "Vitz, Hans Joachim"]
[Result "1-0"]
[WhiteElo "1730"]
[BlackElo "1743"]
[PlyCount "73"]
[EventDate "2016.09.11"]
[EventType "team-tourn"]
[EventRounds "11"]
[EventCountry "GER"]
[SourceTitle "EXT 2022"]
[Source "ChessBase"]
[SourceDate "2021.10.06"]
[SourceVersion "1"]
[SourceVersionDate "2021.10.06"]
[SourceQuality "1"]
[WhiteTeam "Hitdorf SV Springer"]
[BlackTeam "Niederkassel III"]
[WhiteTeamCountry "GER"]
[BlackTeamCountry "GER"]

1. e4 e6 2. d4 d5 3. Nd2 c5 4. exd5 exd5 5. dxc5 Bxc5 6. Nb3 Be7 7. Nf3 Nf6 8. h3 Nc6 9. c3 Qc7 10. Be3 Bf5 11. Bd3 Bxd3 12. Qxd3 Rd8 13. 0-0 0-0 14. Rad1 b6 15. Rfe1 h6 16. Nbd4 Ne4 17. Nxc6 Qxc6 18. Nd4 Qb7 19. Qe2 Bc5 20. Qg4 Rd6 21. Nf5 Rg6 22. Qh4 Nf6 23. Bxc5 bxc5 24. Ne7+ Kh7 25. Nxg6 fxg6 26. Re2 Qb5 27. Rde1 g5 28. Qg3 Ne4 29. Qe5 Qd7 30. c4 Rf5 31. Qb8 Rf4 32. cxd5 Qxd5 33. Qb3 Qf5 34. Qc2 g4 35. hxg4 Rxg4 36. Rxe4 Qg6 37. f3 1-0

[Event "Mittelrhein Verbandsliga-M 1112"]
[Site "Germany"]
[Date "2012.04.15"]
[Round "9.5"]
[White "Roehrig, Kurt"]
[Black "Kocur, Beata"]
[Result "1/2-1/2"]
[WhiteElo "1799"]
[BlackElo "1780"]
[PlyCount "59"]
[EventDate "2011.09.18"]
[EventType "team-tourn"]
[EventRounds "11"]
[EventCountry "GER"]
[SourceTitle "EXT 2013"]
[Source "ChessBase"]
[SourceDate "2012.11.22"]
[SourceVersion "1"]
[SourceVersionDate "2012.11.22"]
[SourceQuality "1"]
[WhiteTeam "Koeln Muelheim II"]
[BlackTeam "Hitdorf SV Springer"]
[WhiteTeamCountry "GER"]
[BlackTeamCountry "GER"]

1. d4 Nf6 2. Nf3 d5 3. c4 c6 4. e3 Bg4 5. Nc3 e6 6. h3 Bh5 7. Bd2 Nbd7 8. c5 Qc7 9. b4 Ne4 10. Nxe4 dxe4 11. g4 Bg6 12. Nh4 Be7 13. Nxg6 hxg6 14. Bg2 f5 15. Qb3 Nf8 16. 0-0-0 Qd7 17. f4 Qd5 18. Qc2 b5 19. g5 Bd8 20. Kb1 a5 21. Bf1 axb4 22. Bxb4 Ra4 23. Bc3 Nd7 24. Rh2 Nb8 25. Qb2 Qd7 26. Qb3 Na6 27. a3 Nc7 28. Ra2 Nd5 29. Bd2 Bc7 30. Rc1 1/2-1/2

[Event "Troisdorf op"]
[Site "Troisdorf"]
[Date "2006.11.14"]
[Round "4"]
[White "Kocur, Beata"]
[Black "Schreiber, Peter"]
[Result "1-0"]
[WhiteElo "1803"]
[BlackElo "1711"]
[PlyCount "83"]
[EventDate "2006.10.24"]
[EventType "swiss"]
[EventRounds "7"]
[EventCountry "GER"]
[SourceTitle "EXT 2011"]
[Source "ChessBase"]
[SourceDate "2010.11.26"]
[SourceVersion "1"]
[SourceVersionDate "2010.11.26"]
[SourceQuality "1"]

1. d4 Nf6 2. Nf3 g6 3. e3 Bg7 4. Be2 0-0 5. 0-0 d6 6. b3 c6 7. Bb2 d5 8. Nbd2 Bf5 9. c4 e6 10. Ne5 h5 11. Ndf3 Nbd7 12. Qe1 a5 13. Rc1 Nxe5 14. Nxe5 Nd7 15. Nf3 Qe7 16. cxd5 exd5 17. Bc3 Qa3 18. Ra1 Rfe8 19. b4 axb4 20. Bxb4 Qa7 21. Bc3 Bf6 22. h3 Qb6 23. a4 Qb3 24. Qd2 Ra7 25. g4 hxg4 26. hxg4 Be4 27. Ne1 c5 28. f3 cxd4 29. Bxd4 Rxa4 30. Rxa4 Qxa4 31. Bd1 Qc4 32. fxe4 Bxd4 33. Qxd4 Qxd4 34. exd4 Rxe4 35. Nc2 Kg7 36. Bf3 Rf4 37. Kg2 g5 38. Rb1 b6 39. Kg3 f5 40. gxf5 Rxf5 41. Bg4 Rf7 42. Bxd7 1-0

[Event "Troisdorf op"]
[Site "Troisdorf"]
[Date "2005.12.06"]
[Round "7.10"]
[White "Kocur, Beata"]
[Black "Froitzheim, Ralf"]
[Result "1/2-1/2"]
[WhiteElo "1754"]
[BlackElo "1831"]
[PlyCount "48"]
[EventDate "2005.10.18"]
[EventType "swiss"]
[EventRounds "7"]
[EventCountry "GER"]
[SourceTitle "EXT 2006"]
[Source "ChessBase"]
[SourceDate "2005.11.24"]
[SourceVersion "1"]
[SourceVersionDate "2005.11.24"]
[SourceQuality "1"]

1. e4 c6 2. d4 d5 3. exd5 cxd5 4. c4 Nf6 5. Nc3 g6 6. cxd5 Bg7 7. Bb5+ Bd7 8. Bc4 0-0 9. Nf3 Bg4 10. h3 Bxf3 11. Qxf3 Nbd7 12. 0-0 Nb6 13. Bb3 Qd7 14. Bg5 Rad8 15. Rfe1 Rfe8 16. Bxf6 Bxf6 17. Rad1 Bg7 18. a4 a5 19. Nb5 Rc8 20. Rc1 Rxc1 21. Rxc1 Rc8 22. Rxc8+ Nxc8 23. Qf4 Nd6 24. Nc3 Nf5 1/2-1/2

[Event "Troisdorf op"]
[Site "Troisdorf"]
[Date "2005.11.29"]
[Round "6.13"]
[White "Geuer, Martin"]
[Black "Kocur, Beata"]
[Result "0-1"]
[WhiteElo "1843"]
[BlackElo "1754"]
[PlyCount "92"]
[EventDate "2005.10.18"]
[EventType "swiss"]
[EventRounds "7"]
[EventCountry "GER"]
[SourceTitle "EXT 2006"]
[Source "ChessBase"]
[SourceDate "2005.11.24"]
[SourceVersion "1"]
[SourceVersionDate "2005.11.24"]
[SourceQuality "1"]

1. Nf3 d5 2. d4 Nf6 3. e3 Bg4 4. c4 c6 5. Nc3 e6 6. Be2 Bd6 7. b3 Qc7 8. h3 Bh5 9. Bb2 h6 10. Rc1 Qe7 11. Ne5 Bxe2 12. Qxe2 Nbd7 13. f4 Bb4 14. 0-0 Bxc3 15. Rxc3 Ne4 16. Rc2 Ng3 17. Qg4 Nxf1 18. Qxg7 Qf6 19. Qxf6 Nxf6 20. Kxf1 h5 21. Kg1 Ne4 22. cxd5 exd5 23. b4 a6 24. a4 Rg8 25. g4 f6 26. Rg2 fxe5 27. dxe5 Kf7 28. f5 hxg4 29. e6+ Ke7 30. hxg4 Rg5 31. Kf1 Rag8 32. Rh2 Ng3+ 33. Ke1 Nxf5 34. gxf5 Rxf5 35. Rh6 Rg1+ 36. Kd2 Rf2+ 37. Kc3 Rf6 38. Rh7+ Kxe6 39. Rxb7 Kf5 40. b5 axb5 41. axb5 cxb5 42. Rxb5 Ke4 43. Kb3 Rf3 44. Bd4 Rb1+ 45. Ka4 Rxb5 46. Kxb5 Rxe3 0-1

[Event "Solingen op-B"]
[Site "Solingen"]
[Date "2005.05.28"]
[Round "5"]
[White "Kocur, Beata"]
[Black "Ommer, Walter"]
[Result "1/2-1/2"]
[WhiteElo "1767"]
[BlackElo "1855"]
[PlyCount "112"]
[EventDate "2005.05.26"]
[EventType "swiss"]
[EventRounds "7"]
[EventCountry "GER"]
[SourceTitle "EXT 2006"]
[Source "ChessBase"]
[SourceDate "2005.11.24"]
[SourceVersion "1"]
[SourceVersionDate "2005.11.24"]
[SourceQuality "1"]

1. e4 e6 2. d4 a6 3. Nf3 b5 4. c4 bxc4 5. Bxc4 d5 6. Bd3 Bb7 7. e5 c5 8. 0-0 cxd4 9. Qa4+ Nd7 10. Qxd4 Ne7 11. Re1 Nc6 12. Qf4 Nb4 13. Ng5 Qe7 14. Qd2 h6 15. Nf3 Nxd3 16. Qxd3 Nc5 17. Qd4 Ne4 18. Be3 Qb4 19. Qxb4 Bxb4 20. Rc1 Rc8 21. Rxc8+ Bxc8 22. a3 Bc5 23. Bxc5 Nxc5 24. Nbd2 Nd3 25. b4 f6 26. exf6 gxf6 27. Nb3 Rg8 28. Rd1 Nf4 29. Nh4 e5 30. Nc5 d4 31. Kf1 Rg4 32. g3 Nd5 33. Re1 Rg8 34. Kg2 Kf7 35. Nf3 Rd8 36. h3 Rd6 37. Nd2 Rc6 38. Nc4 Nc3 39. Rxe5 a5 40. Re1 axb4 41. axb4 Nd5 42. Na5 Rb6 43. Nc4 Rc6 44. Rd1 Nxb4 45. Rxd4 Nc2 46. Nd6+ Kg6 47. Rc4 Rxd6 48. Rxc2 Rc6 49. Rc3 Be6 50. f3 Bd5 51. Kf2 h5 52. g4 Kg5 53. Na4 Rxc3 54. Nxc3 Be6 55. Kg3 h4+ 56. Kf2 f5 1/2-1/2

[Event "NRW-ch (Women)"]
[Site "NRW"]
[Date "2004.10.20"]
[Round "5"]
[White "Kocur, Beata"]
[Black "Henrichs, Wenke"]
[Result "0-1"]
[WhiteElo "1802"]
[BlackElo "1935"]
[PlyCount "132"]
[EventDate "2004.10.16"]
[EventType "tourn"]
[EventRounds "7"]
[EventCountry "GER"]
[SourceTitle "EXT 2006"]
[Source "ChessBase"]
[SourceDate "2005.11.24"]
[SourceVersion "1"]
[SourceVersionDate "2005.11.24"]
[SourceQuality "1"]

1. d4 f5 2. Nc3 Nf6 3. Bg5 d5 4. Nf3 e6 5. a3 c6 6. Ne5 Nbd7 7. e3 Bd6 8. f4 0-0 9. Be2 c5 10. 0-0 cxd4 11. exd4 Qb6 12. Na4 Qa5 13. Nc3 Ne4 14. Nxd7 Bxd7 15. Rf3 Rac8 16. Nxe4 fxe4 17. Rg3 Bxf4 18. Bxf4 Rxf4 19. Qc1 Rcf8 20. Qe3 Bb5 21. h3 Bxe2 22. Qxe2 Qb6 23. c3 Qd6 24. Qh5 Rf2 25. Qg5 R8f7 26. b4 Qf8 27. a4 R7f5 28. Qe3 Rc2 29. Rc1 Ra2 30. a5 Rff2 31. Re1 Qf6 32. c4 Rfd2 33. Rf1 Qxd4 34. Qxd4 Rxd4 35. cxd5 Rxd5 36. Rc3 Rad2 37. Rf4 Rd1+ 38. Kh2 R1d4 39. Rc8+ Rd8 40. Rxd8+ Rxd8 41. Rxe4 Kf7 42. Kg3 Rd5 43. Rc4 Kf6 44. Kf4 Rd2 45. g4 g5+ 46. Ke3 Rb2 47. Kd4 Rb3 48. Kc5 Rxh3 49. Kd6 h5 50. gxh5 Rh4 51. Rc1 Rxb4 52. Rf1+ Rf4 53. Rb1 Rd4+ 54. Kc5 Rd5+ 55. Kb4 g4 56. h6 Rh5 57. Rf1+ Kg6 58. Re1 e5 59. Rg1 Rh4 60. h7 Kxh7 61. Kc3 Kg6 62. Kd3 Kf5 63. Rf1+ Ke6 64. Rf8 g3 65. Rg8 Ra4 66. Re8+ Kf5 0-1

[Event "Leverkusen Bayer op 2nd"]
[Site "Leverkusen"]
[Date "1997.10.05"]
[Round "7"]
[White "Sakowski, Christian"]
[Black "Kocur, Beata"]
[Result "1/2-1/2"]
[WhiteElo "1695"]
[BlackElo "1800"]
[PlyCount "51"]
[EventDate "1997.10.??"]
[EventType "swiss"]
[EventRounds "7"]
[EventCountry "GER"]
[SourceTitle "CBM 060 Extra"]
[Source "ChessBase"]
[SourceDate "1997.11.04"]
[SourceVersion "1"]
[SourceVersionDate "1997.11.04"]
[SourceQuality "1"]

1. e4 c5 2. Ne2 Nf6 3. Nbc3 Nc6 4. d4 cxd4 5. Nxd4 e5 6. Nb3 Bb4 7. Bg5 h6 8. Bxf6 Qxf6 9. Qd2 0-0 10. a3 Bxc3 11. Qxc3 Qg6 12. Qe3 Re8 13. 0-0-0 a6 14. Bc4 d6 15. g3 Ne7 16. h4 b5 17. Be2 Bb7 18. Bf3 Rac8 19. Na5 Ba8 20. h5 Qf6 21. Bg4 Rb8 22. f3 d5 23. c3 Qb6 24. Qxb6 Rxb6 25. exd5 Bxd5 26. Rhe1 1/2-1/2